| 000 | 01352nac a22003251i 4500 | ||
|---|---|---|---|
| 003 | EG-ScBUE | ||
| 005 | 20250303100438.0 | ||
| 008 | 250212s2001 mr a f 000 0 eng d | ||
| 020 | _a9881262749 | ||
| 040 |
_aEG-ScBUE _beng _erda _cEG-ScBUE _dEG-ScBUE |
||
| 082 | 0 | 4 |
_a519.50243 _bTEA _222 |
| 245 | 1 | 0 |
_aTeachers guidebook in mathematics, statistics and computer science / _cDr. Bakr A. Hassan [and three others] ; revised by Dr. Taher Ghasemi Honary. |
| 246 | 3 | 4 | _aدليل المعلم لتدريس الرياضيات وعلم الإحصاء وعلوم الحاسب |
| 246 | 3 | 4 | _aGuide de l'enseignant en mathematiques, statisique et informatique |
| 264 | 1 |
_aRabat, Morocco : _bIslamic Educational, Scientific and Cultural Orgnization (ISESCO), _c2001. |
|
| 300 |
_axiv, 108 pages : _billustrations ; _c15 cm |
||
| 336 |
_2rdacontent _atext _btxt |
||
| 337 |
_aunmediated _2rdamedia _bn |
||
| 338 |
_avolume _bnc _2rdacarrier |
||
| 650 | 7 |
_aProbabilities _vTextbooks. _2BUEsh |
|
| 650 | 7 |
_aMathematical statistics _vTextbooks. _2BUEsh |
|
| 655 | _vReading book | ||
| 700 | 1 |
_aHassan, Bakr A., _eauthor. |
|
| 700 | 1 |
_aAhmed, Munir, _eauthor. |
|
| 700 | 1 |
_aIbrahim, A. Shawky, _eauthor. |
|
| 700 | 1 |
_aThaheem, A. B., _eauthor. |
|
| 700 | 1 |
_aHonary, Taher Ghasemi, _ereviwer. |
|
| 942 |
_cBB _2ddc |
||
| 999 |
_c3467 _d3467 |
||